| 000 | 003700000a22001450004500 | ||
|---|---|---|---|
| 005 | 20120302054907.0 | ||
| 942 | _cBOOK | ||
| 245 | _a Bharatiya Itihaas Sanshodhak Mandal Traimaasik:Varsh-53,Ank-1-4. | ||
| 260 | _aPune:Bha.Iti.San.Man.,1974. | ||
| 300 | _a112p. | ||
| 040 | _aMAR | ||
| 650 | _aSankirna | ||
| 650 | _aBha.Iti.San.Man.Traimaasik | ||
| 650 | _aTraimaasik | ||
| 999 |
_c346898 _d346895 |
||